000
00272nam a2200085Ia 4500
008
220120s9999||||xx |||||||||||||| ||und||
100
_a
Parimala, C and Sushma, V.D
_9
12191
245
0
_a
USB Host aideo video controller
260
_a
Coorg Institute of Technology
_b
Ponnampet
_c
2009
999
_c
137777
_d
137777